000
00305nam a22001337a 4500
005
20250926153828.0
008
250926b |||||||| |||| 00| 0 eng d
050
_a
SB318
_b
.J35 JAN
100
_a
JANICK JULES
245
_a
HORTICULTURAL SCIENCE
250
_a
4TH
260
_a
xi,746p
942
_2
lcc
_c
BK
_n
0
999
_c
7773
_d
7773